000 01421cgm a2200253 4500
001 J86633
008 090401t1997 xxu||||| |||| 00| 0 eng d
035 _a(Sirsi) u81045
041 _aeng
050 _a333.332
_c18
110 _aTelevision Education Network
_93468
245 4 _aThe new RICS/ISVA homebuyer valuation and survey
260 _aLondon
_bTelevision Education Network
_c1997
300 _a2 videocassettes (40 mins)
350 _a116
505 _aPart 1 : discussion with two of the members of the redrafting working party, Geoff Holden and Barry Hall, looking at the background to the introduction of the new "RICS/ISVA homebuyer survey and valuation" ; highlights some of the key changes that have been introduced (15mins).
520 _aPart 2 : looks at the key changes introduced by the new format and the terms of the new standard conditions of engagement ; highlights the key considerations to take into account in order to comply with the new format when inspecting and reporting, looking in particular at the new definition and interpretation of `significant matters` and that which is `accessible` (25mins).
520 _aSuperseded by "A practical guide to conducting Homebuyers' surveys" (J102979).
650 _aRICS HOMEBUYER SURVEY AND VALUATION
650 _aRESIDENTIAL SURVEYS
690 _aPROPERTY-PROPERTY APPRAISAL AND VALUATION
942 _n0
948 _c23/09/1997
999 _c85356
_d85356